Cuentos fantásticos argentinos /

Guardado en:
Formato: Libro
Publicado: Buenos Aires : Cantaro, 2011
Series:El Mirador
Materias:
Etiquetas: Agregar Etiqueta
Sin Etiquetas, Sea el primero en etiquetar este registro!
LEADER 01021nam a22002655a 4500
001 CEM.cems014279
005 20140410114004.0
008 130507s2011##################000#0#####d
003 CEMS
020 |a 9789507532856 
082 0 4 |a 808.8 
245 0 0 |a Cuentos fantásticos argentinos /  |c Julio Cortázar y Otros 
260 |a Buenos Aires :  |b Cantaro,  |c 2011 
300 |a 160 p. 
490 0 |a El Mirador 
505 0 |a La noche boca arriba / Julio Cortázar -- La casa de azúcar / Silvina Ocampo -- El árbol de la buena muerte / Héctor Germán Oesterheld -- El milagro secreto / Jorge Luis Borges -- Octavio, el invasor / Ana María Shua -- La trama celeste / Adolfo Bioy Casares 
653 |a Literatura 
653 |a Literatura argentina 
653 |a Literatura fantástica 
653 |a Cuentos 
653 |a Cuentos argentinos 
653 |a Cuentos fantásticos 
653 |a Antología 
653 |a Ministerio de educación-colección literaria 
859 |a CEMS  |b BIB. CEMS - 11 de abril  |h 808.8  |i C984-1  |p 26891.14  |t Ej.1